00473nam a2200181Ia 4500008004100000041001200041082001000053082001100063100001700074100001100091245007000102260001100172260004200183260000900225300001500234365002500249650001700274150909s9999 xx 000 0 und d aEnglish a631.4 bBRO/NI aBrogan J C  eEditor aNitrogen losses and surface run-off from landspreading of manures aLondon bMartinus nijhoff/Dr w Junk publishers c1981 a471 Pages aFL 100.00  aSoil science